Technology keystroke guide for elementary linear algebra 4e
| Main Author: | |
|---|---|
| Format: | Section = Libro |
| Language: | Undetermined Spanish |
| Published: |
Boston
Houghton Mifflin Company
2000
|
| Edition: | 4a.ed. |
| Subjects: |
| LEADER | 00613nam a2200217Ia 4500 | ||
|---|---|---|---|
| 008 | 240829s9999 xx 000 0 und d | ||
| 020 | |a 0-395-96721-X | ||
| 040 | |a BIBLIOTECA-RUSB/ 510.28541 L334 | ||
| 041 | |a spa | ||
| 082 | |a 510.28541 L334 | ||
| 100 | 1 | |a Larson, Edwar | |
| 245 | 1 | 0 | |a Technology keystroke guide for elementary linear algebra 4e |
| 250 | |a 4a.ed. | ||
| 260 | |a Boston |b Houghton Mifflin Company |c 2000 | ||
| 300 | |a 116 p. :il. | ||
| 650 | 7 | |a GUÍA DE CALCULADORAS GRAGICAS | |
| 650 | 7 | |b METODOS GRAFICOS | |
| 650 | 7 | |c CALCULADORAS PROGRAMABLES | |
| 942 | |c BK |2 ddc | ||
| 991 | |a TEXTO | ||
| 999 | |c 1304 | ||